Clásicos de la música popular chilena: 1900-1960

محفوظ في:
التفاصيل البيبلوغرافية
مؤلف مشترك: Sociedad Chilena del Derecho de Autor (autor)
مؤلفون آخرون: Advis, Luis (المحرر), González, Juan Pablo (المحرر)
التنسيق: كتاب
منشور في: Santiago, Chile: Ediciones Universidad Católica de Chile 2009.
Santiago SCD 1999
الطبعة:Tercera Edición.
سلاسل:Lecturas Escogidas
الموضوعات:
الوسوم: إضافة وسم
لا توجد وسوم, كن أول من يضع وسما على هذه التسجيلة!

MARC

LEADER 00000nam a2200000 a 4500
003 CL-VaPUC
005 20250321101925.0
008 250117t2009 ||||| |||| 00| 0 eng d
999 |c 446613  |d 446611 
020 |a 978-956-14-0341-3 
040 |c Pontificia Universidad Católica de Valparaíso 
082 0 4 |a 780.983 SOC 1999  |2 21 
110 2 |a Sociedad Chilena del Derecho de Autor  |e autor  |9 478750 
245 1 0 |a Clásicos de la música popular chilena: 1900-1960 
250 |a Tercera Edición.  
260 |a Santiago, Chile:  |b Ediciones Universidad Católica de Chile  |c 2009. 
260 |a Santiago  |b SCD  |c 1999 
300 |a 285 páginas.  
490 0 |a Lecturas Escogidas 
500 |a c.1. Instituto Arcos 8-1-2025. 
583 |a last modification  |c 20171220 01:36:44  |k Cristina María Rojas Aguilar 
650 |a Música Popular  |z Chile  |9 895532 
650 |a Voces y piano  |9 895542 
700 |a Advis, Luis   |9 895534  |e editor 
700 |a González, Juan Pablo   |e editor  |9 615741 
942 |c BK  |2 ddc  |n 0 
952 |0 0  |1 0  |2 ddc  |4 0  |6 780_983000000000000_SOC_1999  |7 0  |8 A  |9 599519  |a BIBINC  |b BIBINC  |d 2025-01-17  |e Instituto Arcos   |i 5664523  |o 780.983 SOC 1999  |p 5664523  |r 2025-01-17  |t 1  |w 2025-01-17  |y BK  |k IFP